000 00680nam a22002417a 4500
005 20251108164833.0
008 250721s2008 xx 000 0 ara d
020 _a2721411519
082 1 4 _aط/928.11/جبر
100 1 _aجبر، جميل
_eمؤلف
245 1 0 _aإيليا أبو ماضي /
250 _aط.2
264 1 _aبيروت :
_bدار المشرق،
_c2008.
300 _a120ص.
490 0 _aشعراء لبنان
_vج5.
650 1 7 _aالشعر العربي
650 1 7 _aالشعراا العرب
650 1 7 _aالعصر الحيث
650 1 7 _aلبنان
653 _aناشاون كبار (15-18) سنه
942 _2ddc
_cBK
999 _c15560
_d15560